书目信息 |
| 题名: |
科学哲学
|
|
| 作者: | 刘大椿 著 | |
| 分册: | ||
| 出版信息: | 北京 人民出版社 1998.06 |
|
| 页数: | 424页 | |
| 开本: | 32开 | |
| 丛书名: | ||
| 单 册: | ||
| 中图分类: | N02 | |
| 科图分类: | ||
| 主题词: | 自然科学--哲学理论 | |
| 电子资源: | ||
| ISBN: | 7-01-002682-3 | |
| 000 | 00522nam0 2200193 45 | |
| 001 | 0010050941 | |
| 005 | 20001005095819.0 | |
| 010 | @a7-01-002682-3@d19.00元 | |
| 100 | @a20001005d1998 km y0chiy0120 ea | |
| 101 | 0 | @achi |
| 105 | @a z 000yy | |
| 200 | 1 | @a科学哲学@AKe Xue Zhe Xue@f刘大椿著@FLiu Da Chun Zhu |
| 210 | @a北京@c人民出版社@d1998.06 | |
| 215 | @a424页@d32开 | |
| 606 | 0 | @a自然科学@x哲学理论 |
| 690 | @aN02@v3 | |
| 701 | 0 | @a刘大椿@4著 |
| 801 | @aCN@bPftUser@c20001005 | |
| 905 | @b166180-182@dN02@eL108@f3 | |
| 科学哲学/刘大椿著.-北京:人民出版社,1998.06 |
| 424页;32开 |
| ISBN 7-01-002682-3:19.00元 |
| ● |
| 相关链接 |
|
|
|
正题名:科学哲学
索取号:N02/L108
 
预约/预借
| 序号 | 登录号 | 条形码 | 馆藏地/架位号 | 状态 | 备注 |
| 1 | 166180 | 201661807 | 自科库401/401自科库 136排2列5层/ [索取号:N02/L108] | 在馆 | |
| 2 | 166181 | 201661816 | 期刊室512/401自科库 133排2列4层/ [索取号:N02/L108] | 在馆 | |
| 3 | 166182 | 201661825 | 期刊室512/401自科库 133排2列4层/ [索取号:N02/L108] | 在馆 |